History Quiz

Random History or Century Quiz

Notable Deaths by Year: 20th Century Quiz Stats

 Plays Quiz Updated Oct 6, 2016

Challenge
Share
Tweet
Embed
Score 0/24 Timer 07:00
1 Play Today
% Correct
1945
88.5%
1963
88.2%
1968
81.7%
1980
78.5%
1997
78%
1901
74.1%
1994
69.8%
1977
69.1%
1965
65.8%
1955
59.6%
1924
56%
1959
55.9%
% Correct
1970
55.1%
1948
54.2%
1984
53%
1953
51.2%
1934
50.4%
1998
50%
1908
49.6%
1989
46.7%
1910
45.9%
1918
44.2%
1976
43.3%
1973
40%

You're not logged in!

Compare scores with friends on all Sporcle quizzes.
OR
Log In

You Might Also Like...

Show Comments

Extras

Top Quizzes Today


Score Distribution

Your Account Isn't Verified!

In order to create a playlist on Sporcle, you need to verify the email address you used during registration. Go to your Sporcle Settings to finish the process.

Report this User

Report this user for behavior that violates our Community Guidelines.

Details: